000
00288nam a22001337a 4500
008
170920b xxu||||| |||| 00| 0 eng d
020
_a
015004030X
041
_a
eng
080
_a
7
100
_a
44
101
_a
ART
245
_a
THE SERPENT AND THE ROBE
_c
MILTON, J
942
_2
udc
_c
BK
999
_c
28388
_d
28388